Object oriented programming with C++ / (Record no. 14477)

MARC details
000 -LEADER
fixed length control field 00641nam a2200217 4500
001 - CONTROL NUMBER
control field GB1208
003 - CONTROL NUMBER IDENTIFIER
control field IN-BhIIT
005 - DATE AND TIME OF LATEST TRANSACTION
control field 20260407161004.0
008 - FIXED-LENGTH DATA ELEMENTS--GENERAL INFORMATION
fixed length control field 241105b |||||||| |||| 00| 0 eng d
020 ## - INTERNATIONAL STANDARD BOOK NUMBER
ISBN 00746238X
040 ## - CATALOGING SOURCE
Original cataloging agency IN-BhIIT
041 ## - LANGUAGE CODE
Language code of text eng
082 ## - DEWEY DECIMAL CLASSIFICATION NUMBER
Classification number 005.133
Book number BAL/O
100 ## - MAIN ENTRY--AUTHOR NAME
Personal name Balagurusamy, E.
Relator term Author
245 ## - TITLE STATEMENT
Title Object oriented programming with C++ /
Statement of responsibility, etc by E. Balagurusamy.
260 ## - PUBLICATION, DISTRIBUTION, ETC. (IMPRINT)
Place of publication New Delhi :
Name of publisher Tata McGraw Hill,
Year of publication 1995.
300 ## - PHYSICAL DESCRIPTION
Number of Pages xii, 321 p. :
Other physical details(ill.) ill. ;
Dimensions(size) 24 cm.
504 ## - BIBLIOGRAPHY, ETC. NOTE
Bibliography, etc Includes bibliographical references and index.
650 ## - SUBJECT ADDED ENTRY--TOPICAL TERM
Topical Term Programming languages (C ++)
942 ## - ADDED ENTRY ELEMENTS (KOHA)
Koha item type General Books
Koha issues (borrowed), all copies 3
Holdings
Withdrawn status Lost status Damaged status Not for loan Home library Current library Date acquired Full call number Accession Number Price effective from Koha item type
Not withdrawn Not Lost not damaged   Central Library, IIT Bhubaneswar Central Library, IIT Bhubaneswar 01/10/2024 005.133 BAL/O GB1208 05/11/2024 Gratis Book

Central Library, Indian Institute of Technology Bhubaneswar, 4th Floor, Administrative Building, Argul, Khordha, PIN-752050, Odisha, India
Phone: +91-674-7138750 | Email: circulation.library@iitbbs.ac.in (For circulation related queries),
Email: info.library@iitbbs.ac.in (For other queries)